00433nam a2200145Ia 4500003000900000008004100009040001600050080001500066100002600081245008100107260004600188300001400234650001900248650002000267IN-BaIIA211028s9999 xx 000 0 eng d cIIA Library a535.5bSHU aShurcliff, William A. 0aPolarized lightcWilliam A. Shurcliff  aCambridgebHarvard University Pressc1962 aix, 207p. aNASA thesaurus aPolarized light